50 films à remplir - 1995 - Statistiques

Statistiques générales
  • Ce quiz a été pris 177 fois
    131 depuis la dernière actualisation
  • Le résultat moyen est 29 sur 50
Statistiques - réponses
Hint Réponse % Correct
... ou vif Mort
91%
... Story Toy
91%
L'... à tout prix Amour
90%
... - Une légende indienne Pocahontas
90%
Usual ... Suspects
86%
Les Trois ... Frères
83%
Si tu ... l'oreille Tends
83%
Une journée en ... Enfer
81%
Les ... déchus Anges
79%
Petits ... entre amis Meurtres
79%
L'Armée des 12 ... Singes
79%
Ace ... en Afrique Ventura
77%
Babe, le cochon devenu ... Berger
74%
... 13 Apollo
72%
Sur la route de ... Madison
72%
... Boys Bad
71%
La ... Haine
70%
... (avec Brad Pitt et Morgan Freeman) Seven
70%
Le ... est dans le pré Bonheur
69%
La Cité des ... perdus Enfants
69%
... (une histoire de fantôme) Casper
68%
..., le premier chevalier Lancelot
68%
... : Chien-loup, héros des neiges Balto
65%
...heart Brave
62%
L'Antre de la ... Folie
62%
...Eye Golden
61%
... maudit Gazon
60%
Le ... jeune Péril
57%
... (de Martin Scorsese) Casino
55%
USS ... Alabama
53%
Le ... sur le toit Hussard
53%
Under... Ground
52%
Wallace et Gromit - ... de près Rasé
52%
... in the Shell Ghost
51%
... (Al Pacino et Robert De Niro s'affrontent) Heat
51%
... Cérémonie La
50%
Land ... Freedom And
49%
... Forever Batman
48%
Judge ... Dredd
48%
Le ... d'Ulysse Regard
43%
Before ... Sunrise
39%
Strange ... Days
37%
... Man Dead
32%
... Las Vegas Leaving
32%
...girls Show
32%
... Diaries Basketball
23%
The ... Generation Doom
16%
Les Histoires du ... Kronen
16%
Between the ... and the Deep Blue Sea Devil
11%
The ... Blade
10%
Aucun quiz correspondant
Distribution des résultats
% des personnes avec chaque résultat
Percentile par nombre de réponses
Votre historique - résultats
Vous n’avez pas pris ce quiz depuis la dernière actualisation